[Event "Players CUP 2008 <1600"]
[Site "SchemingMind.com"]
[Date "2008.06.23"]
[Round "-"]
[White "Carl Lenox"]
[Black "dtedesco"]
[Result "0-1"]
[WhiteCountry "CAN"]
[BlackCountry "CAN"]
[WhiteElo "1235"]
[WhiteRD "56"]
[BlackElo "1466"]
[BlackRD "55"]
[GameID "160375"]

1. Nf3 c5 2. b3 d5 3. e3 Nf6 4. Bb5+ Bd7 5. Nc3 Bxb5 6. Nxb5 Nc6 7. O-O e6 8. Qe2 a6 9. Nc3 d4 10. Na4 b5
11. Nb2 Bd6 12. Nd3 O-O 13. g3 e5 14. Ng5 Qd7 15. f3 a5 16. Bb2 a4 17. Ba3 b4 18. Bc1 axb3 19. cxb3 Rfe8 20. Bb2 h6
21. Nh3 Qxh3 22. Qf2 Nh5 23. Rac1 e4 24. fxe4 dxe3 25. Qxe3 Bxg3 26. hxg3 Nxg3 27. Rf3 Qh1+ 28. Kf2 Qh2+ 29. Ke1 Rxe4 30. Kd1 Rxe3
31. Rxe3 Nf1 32. Re2 Qg1 33. Rxc5 Ne3#
0-1

[Event "Players CUP 2008 <1600"]
[Site "SchemingMind.com"]
[Date "2008.06.23"]
[Round "-"]
[White "dtedesco"]
[Black "Carl Lenox"]
[Result "1-0"]
[WhiteCountry "CAN"]
[BlackCountry "CAN"]
[WhiteElo "1460"]
[WhiteRD "54"]
[BlackElo "1264"]
[BlackRD "59"]
[GameID "160376"]

1. d4 d5 2. c4 Nf6 3. Nf3 Nc6 4. Nc3 dxc4 5. e4 e6 6. Bxc4 Bb4 7. Bd2 O-O 8. O-O b6 9. a3 Be7 10. Re1 Bb7
11. Be3 Na5 12. d5 Bd6 13. Qe2 Nb3 14. Rad1 Na5 15. Bd3 c5 16. e5 Be7 17. exf6 Bxf6 18. dxe6 fxe6 19. Bxh7+ Kxh7 20. Rxd8 Raxd8
21. Ng5+ Bxg5 22. Bxg5 Rd7 23. Qxe6 Rd2 24. Ne4 Bxe4 25. Rxe4 Rd4 26. h3 Rd1+ 27. Kh2 Rxf2 28. Rh4#
1-0

[Event "Players CUP 2008 <1600"]
[Site "SchemingMind.com"]
[Date "2008.06.23"]
[Round "-"]
[White "Dannibal"]
[Black "dtedesco"]
[Result "1-0"]
[WhiteCountry "BEL"]
[BlackCountry "CAN"]
[WhiteElo "1012"]
[WhiteRD "79"]
[BlackElo "1460"]
[BlackRD "54"]
[GameID "160591"]

1. e4 c5 2. Bc4 e6 3. Nf3 Nc6 4. d4 cxd4 5. Nxd4 Nxd4 6. Qxd4 Nf6 7. Bg5 Be7 8. Nc3 a6 9. b4 O-O 10. h4 Qc7
11. e5 b5 12. Bd3 Bb7 13. Ne4 d5 14. Nxf6+ Kh8 15. a3 h6 16. Be3 gxf6 17. exf6 Rg8 18. Bxh6 Bf8 19. Bxf8 Raxf8 20. h5 Rxg2
21. f4 Rfg8 22. O-O-O R2g4 23. h6 Rxf4 24. Qc5 Qe5 25. h7 Rg2 26. Qf8+
1-0

[Event "Players CUP 2008 <1600"]
[Site "SchemingMind.com"]
[Date "2008.06.23"]
[Round "-"]
[White "Dannibal"]
[Black "Carl Lenox"]
[Result "0-1"]
[WhiteCountry "BEL"]
[BlackCountry "CAN"]
[WhiteElo "1012"]
[WhiteRD "79"]
[BlackElo "1264"]
[BlackRD "59"]
[GameID "160592"]

1. d4 d5 2. e3 Nf6 3. Bb5+ c6 4. Ba4 b5 5. Bb3 e6 6. Nf3 Bb4+ 7. Nc3 Bd6 8. Nh4 e5 9. dxe5 Bxe5 10. f4 Ng4
11. fxe5 Nxe5 12. Nf3 Bg4 13. h3 Qg5 14. hxg4 Qxg4 15. Nxe5 Qxg2 16. Qe2 Qxh1+ 17. Qf1 Qh2 18. a4 b4 19. Ne2 Qxe5 20. c3 c5
21. Qf4 Qh5 22. e4 Qh1+ 23. Kd2 O-O 24. Qe5 bxc3+ 25. bxc3 Rd8 26. Qe7 Nc6 27. Qc7 Ne5 28. Qxc5 Nf3+ 29. Kd3 Ne5+ 30. Kd4 Qxe4#
0-1

[Event "Players CUP 2008 <1600"]
[Site "SchemingMind.com"]
[Date "2008.06.23"]
[Round "-"]
[White "dtedesco"]
[Black "Dannibal"]
[Result "1-0"]
[WhiteCountry "CAN"]
[BlackCountry "BEL"]
[WhiteElo "1460"]
[WhiteRD "54"]
[BlackElo "1012"]
[BlackRD "79"]
[GameID "160593"]

1. d4 e6 2. c4 Bb4+ 3. Bd2 a5 4. Nf3 Nf6 5. e3 b6 6. a3 Bd6 7. Nc3 Nc6 8. Nb5 Ne4 9. Bd3 Nxd2 10. Qxd2 a4
11. Nxd6+ cxd6 12. O-O h5 13. d5 exd5 14. cxd5 Ne5 15. Nd4 h4 16. Nf5 Qg5 17. f4 Qg4 18. fxe5 dxe5 19. Nd6+ Kd8 20. Nxf7+ Ke8
21. Nxh8 d6 22. Bg6+ Kd8 23. Nf7+ Ke7 24. Rac1 Ba6 25. Nxe5 dxe5 26. Qb4+ Kd7 27. Rf7+ Kd8 28. Qf8#
1-0

[Event "Players CUP 2008 <1600"]
[Site "SchemingMind.com"]
[Date "2008.06.23"]
[Round "-"]
[White "Carl Lenox"]
[Black "Dannibal"]
[Result "1-0"]
[WhiteCountry "CAN"]
[BlackCountry "BEL"]
[WhiteElo "1264"]
[WhiteRD "59"]
[BlackElo "1012"]
[BlackRD "79"]
[GameID "160594"]

1. e4 e5 2. Nf3 Bb4 3. Bc4 Nf6 4. c3 Bc5 5. O-O Nxe4 6. Ng5 Nxg5 7. b4 Bd6 8. Qe2 Nc6 9. Bd5 Ne7 10. c4 Bxb4
11. f4 exf4 12. Rxf4 c6 13. Rf1 cxd5 14. cxd5 b5 15. Qxb5 Ba5 16. d6 Ng8 17. d4 Bb6 18. Be3 Qe7 19. Bxg5 Qe3+ 20. Bxe3 Bb7
21. Qe5+ Ne7 22. Qxe7#
1-0

[Event "Players CUP 2008 <1600"]
[Site "SchemingMind.com"]
[Date "2008.06.25"]
[Round "-"]
[White "kwabena"]
[Black "Dannibal"]
[Result "1-0"]
[WhiteCountry "ENG"]
[BlackCountry "BEL"]
[WhiteElo "1661"]
[WhiteRD "71"]
[BlackElo "1012"]
[BlackRD "79"]
[GameID "160813"]

1. d4 e6 2. Bf4 Nc6 3. e3 Bb4+ 4. c3 Ba5 5. Nf3 h5 6. b4 Bb6 7. Be2 Nf6 8. h3 Ne4 9. Qc2 f5 10. O-O d5
11. a3 e5 12. Nxe5 Nxe5 13. Bxe5 Rg8 14. Bxh5+ g6 15. Bf3 Ng5 16. c4 Nxf3+ 17. gxf3 dxc4 18. Qxc4 Rg7 19. Bxg7 a5 20. bxa5 Bxa5
21. Qg8+ Kd7 22. Qf7+ Qe7 23. Qxg6 b6 24. Qxf5+ Kd8 25. Qd5+ Bd7 26. Qxa8+ Bc8 27. Qd5+ Qd7 28. Qxd7+ Bxd7 29. Rc1 Bxh3 30. Be5 b5
31. Nc3 Bb6 32. Nxb5 c6 33. Rxc6 Ba5 34. Rac1 Bd7 35. Rd6 Bd2 36. Rc7 Ke8 37. Rdxd7 Ba5 38. Nd6+ Kf8 39. Rc8+ Bd8 40. Rcxd8#
1-0

[Event "Players CUP 2008 <1600"]
[Site "SchemingMind.com"]
[Date "2008.06.26"]
[Round "-"]
[White "kwabena"]
[Black "dtedesco"]
[Result "1-0"]
[WhiteCountry "ENG"]
[BlackCountry "CAN"]
[WhiteElo "1661"]
[WhiteRD "71"]
[BlackElo "1460"]
[BlackRD "54"]
[GameID "160815"]

1. d4 Nf6 2. Bg5 Ne4 3. Bf4 g5 4. Be5 Rg8 5. h3 Nc6 6. Bh2 d5 7. e3 f5 8. c4 e6 9. cxd5 exd5 10. Nc3 Be6
11. Nf3 Qf6 12. Bb5 O-O-O 13. Bxc6 bxc6 14. Ne5 Rd6 15. Qa4 f4 16. O-O g4 17. Nxe4 Qh6 18. Nxd6+ Kd8 19. Ndf7+ Bxf7 20. Nxf7+ Kd7
21. Nxh6 Bxh6 22. hxg4 Rxg4 23. exf4 Bxf4 24. Bxf4 Rxf4 25. Rfd1 h5 26. Rd3 Kd6 27. Rc1 c5 28. Qxa7 c4 29. Qc5+ Ke6 30. Re3+ Kf6
31. Qe7+ Kf5 32. Qe5+ Kg4 33. Rg3+
1-0

[Event "Players CUP 2008 <1600"]
[Site "SchemingMind.com"]
[Date "2008.06.25"]
[Round "-"]
[White "kwabena"]
[Black "Carl Lenox"]
[Result "1-0"]
[WhiteCountry "ENG"]
[BlackCountry "CAN"]
[WhiteElo "1661"]
[WhiteRD "71"]
[BlackElo "1264"]
[BlackRD "59"]
[GameID "160816"]

1. d4 d5 2. Bf4 Nf6 3. e3 Nc6 4. c4 e6 5. cxd5 exd5 6. Nc3 Bb4 7. a3 Ba5 8. b4 Bb6 9. Nf3 Be6 10. Bb5 O-O
11. Bxc6 bxc6 12. h3 Qd7 13. O-O Rfe8 14. Na4 a5 15. Nc5 Qe7 16. Ne5 Ne4 17. Nxc6 Qd6 18. Bxd6 cxd6 19. Nxe6 Rxe6 20. bxa5 Nc3
21. Qc2 Nb5 22. axb6 Nxa3 23. Qb3 g6 24. Rxa3
1-0

[Event "Players CUP 2008 <1600"]
[Site "SchemingMind.com"]
[Date "2008.06.25"]
[Round "-"]
[White "Dannibal"]
[Black "kwabena"]
[Result "0-1"]
[WhiteCountry "BEL"]
[BlackCountry "ENG"]
[WhiteElo "1012"]
[WhiteRD "79"]
[BlackElo "1661"]
[BlackRD "71"]
[GameID "160817"]

1. d4 d5 2. Bg5 h6 3. Bf4 Bf5 4. Nc3 e6 5. Nb5 Na6 6. Nf3 c6 7. Nd6+ Bxd6 8. g3 Bxf4 9. gxf4 Nf6 10. e3 Nc7
11. Bd3 Bxd3 12. Qxd3 O-O 13. Ne5 Ne4 14. c4 Qh4 15. a4 Qxf2+ 16. Kd1 Qg2 17. Re1 Qxh2 18. cxd5 cxd5 19. Qe2 Qxe2+ 20. Rxe2 a6
21. Rh2 b5 22. axb5 Nxb5 23. Nd7 Rfd8 24. Nb6 Ra7 25. b3 Nbd6 26. Rc2 Nf5 27. Rc8 Rxc8 28. Nxc8 Rc7 29. Nb6 Nxe3+ 30. Ke2 Nf5
31. Rxa6 Rc3 32. Ra8+ Kh7 33. b4 Rb3 34. Ra4 Nc3+ 35. Kd3 Nxa4+ 36. Kc2 Rxb4 37. Nd7 Rxd4 38. Nf8+ Kg8 39. Nd7 Rxf4 40. Kd3 h5
41. Kc2 h4 42. Ne5 h3 43. Nd3 Rd4 44. Nf2 h2 45. Kc1 Rf4 46. Nh1 Rf1+ 47. Kd2 Rxh1 48. Ke2 Rg1 49. Kf2 Rg6 50. Kf3 h1=Q+
51. Ke2 Rg3 52. Kf2 Qh2+ 53. Ke1 Rg1#
0-1

[Event "Players CUP 2008 <1600"]
[Site "SchemingMind.com"]
[Date "2008.06.26"]
[Round "-"]
[White "dtedesco"]
[Black "kwabena"]
[Result "0-1"]
[WhiteCountry "CAN"]
[BlackCountry "ENG"]
[WhiteElo "1460"]
[WhiteRD "54"]
[BlackElo "1661"]
[BlackRD "71"]
[GameID "160819"]

1. e4 d5 2. exd5 Qxd5 3. Nc3 Qd8 4. d4 Bf5 5. Nf3 e6 6. Be3 Nf6 7. Bc4 a6 8. O-O Bb4 9. Qd2 O-O 10. a3 Be7
11. Rad1 Qc8 12. b3 Bxa3 13. d5 exd5 14. Bxd5 c6 15. Bc4 b5 16. Bd3 Rd8 17. Qe2 Bxd3 18. Rxd3 Rxd3 19. Qxd3 h6 20. Re1 Bb4
21. Bd4 Nbd7 22. Ne5 Qc7 23. Nxd7 Nxd7 24. Re7 Bxe7 25. b4 Bxb4 26. Ne4 Rd8 27. Qg3 Qxg3 28. Nxg3 Nc5 29. Ne2 Ne6 30. f3 Nxd4
31. Nxd4 Rxd4
0-1

[Event "Players CUP 2008 <1600"]
[Site "SchemingMind.com"]
[Date "2008.06.25"]
[Round "-"]
[White "Carl Lenox"]
[Black "kwabena"]
[Result "0-1"]
[WhiteCountry "CAN"]
[BlackCountry "ENG"]
[WhiteElo "1264"]
[WhiteRD "59"]
[BlackElo "1661"]
[BlackRD "71"]
[GameID "160820"]

1. e4 d5 2. Nc3 d4 3. Nd5 e6 4. Nf4 Nf6 5. e5 Nfd7 6. Qe2 Qg5 7. g3 Qxe5 8. Nd3 Qxe2+ 9. Bxe2 e5 10. Nf3 Nc6
11. b3 Bd6 12. Bb2 O-O 13. Ng5 h6 14. Nf3 Re8 15. O-O Nf6 16. c4 Ne4 17. Rad1 Nb4 18. Nc1 Bg4 19. Ba3 Nc2 20. Bb2 f6
21. Nd3 Nb4 22. Nc1 Nc6 23. d3 Nc5 24. Nd2 Bxe2 25. Nxe2 Nxd3 26. Ne4 Be7 27. Rxd3 Nb4 28. Rdd1 Nxa2 29. Ra1 Nb4 30. Rfd1 a6
31. Ra4 Nc6 32. b4 Bxb4 33. Ba3 Bxa3 34. Rxa3 b6 35. Rdd3 Nb4 36. Rdb3 a5 37. f4 f5 38. Nf2 Rad8 39. g4 g6 40. gxf5 gxf5
41. Rg3+ Kh7 42. Rg2 e4 43. Rag3 d3 44. Rg7+ Kh8 45. Nc3 e3 46. Nfd1 e2 47. Kh1 e1=Q+ 48. Rg1 Qxg1+ 49. Kxg1 Rg8 50. Ne3 Rxg7+
51. Kf1 Rf7 52. Nb5 c6 53. Nc7 Rxc7 54. Nxf5 d2 55. Ne3 Rf7 56. Ke2 Rxf4 57. Kd1 Rd3
0-1

[Event "Players CUP 2008 <1600"]
[Site "SchemingMind.com"]
[Date "2008.06.25"]
[Round "-"]
[White "lame wolf"]
[Black "kwabena"]
[Result "0-1"]
[WhiteCountry "INT"]
[BlackCountry "ENG"]
[WhiteElo "1052"]
[WhiteRD "58"]
[BlackElo "1589"]
[BlackRD "78"]
[GameID "160832"]

1. c3 d5 2. d4 Bf5 3. e3 e6 4. Bd3 Bxd3 5. Qxd3 a6 6. c4 c6 7. cxd5 cxd5 8. Nf3 Nf6 9. Bd2 Nc6 10. Nc3 Qb6
11. Bc1 Nb4 12. Qe2 Nc6 13. O-O Bd6 14. Nh4 Qc7 15. f4 b5 16. Nd1 Be7 17. g3 Ne4 18. a3 Bxh4 19. Nf2 Nxf2 20. Qxf2 Bf6
21. b4 O-O 22. Bd2 Ne7 23. a4 bxa4 24. Rxa4 Nc6 25. Bc3 Ne7 26. Ra3 Nf5 27. Qb2 Nxe3 28. Rfa1 Nc4 29. Qb3 Nxa3 30. Rxa3 Rfb8
31. Kf2 a5 32. Rxa5 Rxa5
0-1

[Event "Players CUP 2008 <1600"]
[Site "SchemingMind.com"]
[Date "2008.06.25"]
[Round "-"]
[White "lame wolf"]
[Black "Dannibal"]
[Result "1-0"]
[WhiteCountry "INT"]
[BlackCountry "BEL"]
[WhiteElo "1074"]
[WhiteRD "50"]
[BlackElo "1012"]
[BlackRD "79"]
[GameID "160833"]

1. c3 e5 2. d4 Qf6 3. dxe5 Qxe5 4. Nf3 Qe4 5. Qd4 Qc2 6. Be3 Qxb2 7. c4 Qb4+ 8. Nbd2 d6 9. Rb1 Qa3 10. Qb2 Qc5
11. Bxc5 dxc5 12. e3 Bf5 13. e4 Bg4 14. Bd3 Nc6 15. Qxb7 Rd8 16. Qxc6+ Rd7 17. Qa4 Nf6 18. Qxa7 h5 19. e5 Rxd3 20. Rb8+ Kd7
21. exf6 g6 22. Ne5+ Kd6 23. Nxf7+ Kd7 24. Ne5+ Ke6 25. Qxc7 Kxf6 26. Nxd3 Bg7 27. Rxh8 Bxh8 28. Ne4+ Kf5 29. Qe5+ Bxe5 30. Nexc5 Bc3+
31. Kf1 Kf6 32. f3 Bf5 33. Kf2 Bd4+ 34. Ke2 h4 35. h3 Ke7 36. g4 Bc8 37. f4 Kd6 38. g5 Bf5 39. a4 Bxc5 40. a5 Bxd3+
41. Kxd3 Kc6 42. Ra1 Bd6 43. a6 Bxf4 44. a7 Bxg5 45. a8=Q+ Kd6 46. Ra5 Bf4 47. c5+ Ke6 48. Ke4 g5 49. c6 g4 50. Qg8+ Kf6
51. Rf5+ Ke7 52. c7 Bxc7 53. Qg7+ Kd8 54. hxg4 h3 55. Rf8#
1-0

[Event "Players CUP 2008 <1600"]
[Site "SchemingMind.com"]
[Date "2008.06.26"]
[Round "-"]
[White "lame wolf"]
[Black "dtedesco"]
[Result "0-1"]
[WhiteCountry "INT"]
[BlackCountry "CAN"]
[WhiteElo "1052"]
[WhiteRD "58"]
[BlackElo "1471"]
[BlackRD "57"]
[GameID "160835"]

1. c3 d5 2. d4 Nf6 3. g3 g6 4. Bg2 Nc6 5. Nf3 Bf5 6. Nbd2 Bg7 7. O-O O-O 8. c4 a5 9. c5 Nb4 10. a3 Na6
11. b4 axb4 12. axb4 Nxb4 13. Rxa8 Qxa8 14. Qb3 Nc6 15. Qa3 Nxd4 16. Qxa8 Rxa8 17. Nxd4 Nd7 18. Nxf5 Bf6 19. Nh6+ Kg7 20. Ng4 c6
21. Nb3 Ra4 22. h3 Rb4 23. Nxf6 Kxf6 24. Nd2 Nxc5 25. e4 dxe4 26. Bxe4 Nxe4 27. Re1 Ng5 28. Kg2 b5 29. h4 Ne6 30. f4 Nd4
31. Ne4+ Kf5 32. Kh3 Nf3 33. Rf1 Kxe4 34. Kg4 Nh2+
0-1

[Event "Players CUP 2008 <1600"]
[Site "SchemingMind.com"]
[Date "2008.06.25"]
[Round "-"]
[White "lame wolf"]
[Black "Carl Lenox"]
[Result "0-1"]
[WhiteCountry "INT"]
[BlackCountry "CAN"]
[WhiteElo "1074"]
[WhiteRD "50"]
[BlackElo "1264"]
[BlackRD "59"]
[GameID "160836"]

1. c3 e5 2. e4 Nf6 3. d3 Nc6 4. f4 Bc5 5. Be2 O-O 6. Bf3 b6 7. Qe2 Ba6 8. fxe5 Nxe5 9. d4 Bxe2 10. Nxe2 Nd3+
11. Kd2 Nf2 12. Rf1 N2xe4+ 13. Bxe4 Nxe4+ 14. Kd3 Qe7 15. Be3 Bd6 16. b4 Bxh2 17. Nd2 Nd6 18. Rf3 Nb5 19. a4 Nd6 20. b5 c5
21. dxc5 bxc5 22. c4 Qe5 23. Bf4 Qf5+ 24. Ne4 Qxe4+
0-1

[Event "Players CUP 2008 <1600"]
[Site "SchemingMind.com"]
[Date "2008.06.25"]
[Round "-"]
[White "kwabena"]
[Black "lame wolf"]
[Result "1-0"]
[WhiteCountry "ENG"]
[BlackCountry "INT"]
[WhiteElo "1589"]
[WhiteRD "78"]
[BlackElo "1052"]
[BlackRD "58"]
[GameID "160837"]

1. d4 d5 2. Bf4 e6 3. e3 Bd7 4. a3 g5 5. Bg3 h6 6. Nf3 Bg7 7. c4 g4 8. Ne5 f6 9. Nxg4 h5 10. Nxf6+ Bxf6
11. cxd5 exd5 12. Qc2 Bc6 13. Be2 Nd7 14. Qg6+ Kf8 15. Bxh5 Qe7 16. Qf5 Nh6 17. Qc2 Nb6 18. Bf3 Rd8 19. Nc3 Bd7 20. Nxd5 Nxd5
21. Bxd5
1-0

[Event "Players CUP 2008 <1600"]
[Site "SchemingMind.com"]
[Date "2008.06.25"]
[Round "-"]
[White "Dannibal"]
[Black "lame wolf"]
[Result "0-1"]
[WhiteCountry "BEL"]
[BlackCountry "INT"]
[WhiteElo "1012"]
[WhiteRD "79"]
[BlackElo "1074"]
[BlackRD "50"]
[GameID "160838"]

1. g4 c6 2. d4 d5 3. Bf4 Nf6 4. f3 Be6 5. Bh3 Nbd7 6. g5 Nh5 7. Bd2 Bxh3 8. Nxh3 Qc7 9. Bf4 Nxf4 10. Nf2 Ng6
11. Rg1 Qxh2 12. Kd2 Qxf2 13. Nc3 Qh4 14. a4 f6 15. gxf6 Qxf6 16. Rg4 e5 17. dxe5 Ngxe5 18. Rd4 Qe6 19. Qg1 g6 20. e4 Nc4+
21. Ke1 c5 22. Rxd5 Nxb2 23. Qg5 Be7 24. a5 Bxg5 25. Rxg5 a6 26. Rb1 h6 27. Rd5 Nc4 28. Rxb7 Rh7 29. Ke2 Re7 30. Rc7 Nxa5
31. Kd3 Ne5+ 32. Ke3 Rxc7 33. f4 Ng4+ 34. Kf3 h5 35. Ne2 Re7 36. Rxc5 Nc6 37. c4 Qxe4+ 38. Kg3 Qxe2 39. Rxc6 Qe3+ 40. Kh4 Qxf4
41. Rxg6 Ne5+ 42. Kxh5 Nxg6 43. Kxg6 Qf1 44. c5 Kf8 45. Kg5 Rg7+ 46. Kh6 Qh1#
0-1

[Event "Players CUP 2008 <1600"]
[Site "SchemingMind.com"]
[Date "2008.06.26"]
[Round "-"]
[White "dtedesco"]
[Black "lame wolf"]
[Result "1-0"]
[WhiteCountry "CAN"]
[BlackCountry "INT"]
[WhiteElo "1471"]
[WhiteRD "57"]
[BlackElo "1052"]
[BlackRD "58"]
[GameID "160840"]

1. e4 d5 2. exd5 Qxd5 3. Nc3 Qd8 4. d4 c5 5. dxc5 Qxd1+ 6. Kxd1 e6 7. Bb5+ Bd7 8. Bxd7+ Nxd7 9. Nb5 Rc8 10. Nxa7 Rxc5
11. Be3 Ra5 12. Nf3 b6 13. Nc8 Bc5 14. Bxc5 bxc5 15. Nd6+ Ke7 16. Nc8+ Kd8 17. Nd6 Ke7 18. Nc8+ Kd8 19. Nd6 Ke7 20. Nc4 Rb5
21. b3 Ngf6 22. Ke2 Rd8 23. Nfe5 Nxe5 24. Nxe5 Kf8 25. Rad1 Rxd1 26. Rxd1 g6 27. Rd8+ Kg7 28. Ra8 Nd5 29. Ra7 Kf6 30. Ng4+ Kg7
31. Ne5 Nc3+ 32. Kd3 Nd1 33. Rxf7+ Kh6 34. Nd7 c4+ 35. bxc4 Rf5 36. Rxf5 gxf5 37. c5 Nxf2+ 38. Ke2 Ne4 39. c6
1-0

[Event "Players CUP 2008 <1600"]
[Site "SchemingMind.com"]
[Date "2008.06.25"]
[Round "-"]
[White "Carl Lenox"]
[Black "lame wolf"]
[Result "0-1"]
[WhiteCountry "CAN"]
[BlackCountry "INT"]
[WhiteElo "1264"]
[WhiteRD "59"]
[BlackElo "1074"]
[BlackRD "50"]
[GameID "160841"]

1. e4 d5 2. Nc3 d4 3. Nd5 e6 4. Nf4 e5 5. Nd5 c6 6. Nf6+ Nxf6 7. d3 Be6 8. Nf3 g6 9. Bg5 Bg7 10. Nxe5 Qc7
11. f4 Nfd7 12. Nf3 Bg4 13. Qd2 Bxf3 14. gxf3 f6 15. Bh4 h6 16. O-O-O c5 17. Bg2 Nc6 18. Qe2 Qxf4+ 19. Kb1 Qxh4 20. Qf1 Qg5
21. f4 Qh4 22. Bh3 O-O-O 23. Be6 f5 24. e5 Qe7 25. Bd5 g5 26. e6 gxf4 27. Qxf4 Rhf8 28. Rde1 Qg5 29. Qd6 Nf6 30. Qxc5 Nxd5
31. h4 Qe7 32. Qa5 Nxa5 33. Rhg1 Rf6 34. c4 Nf4 35. Re5 b6 36. Rc1 Nxd3 37. Re2 Nxc1 38. Kxc1 d3 39. Kd2 dxe2+
0-1

[Event "Players CUP 2008 <1600"]
[Site "SchemingMind.com"]
[Date "2008.06.25"]
[Round "-"]
[White "twotone"]
[Black "lame wolf"]
[Result "1-0"]
[WhiteCountry "ENG"]
[BlackCountry "INT"]
[WhiteElo "1451"]
[WhiteRD "75"]
[BlackElo "1074"]
[BlackRD "50"]
[GameID "160908"]

1. e4 d5 2. e5 e6 3. d4 Be7 4. Nf3 f6 5. c4 fxe5 6. dxe5 Bb4+ 7. Bd2 Bxd2+ 8. Nbxd2 c6 9. Be2 Ne7 10. Nd4 c5
11. N4b3 d4 12. O-O Nbc6 13. Nxc5 Nf5 14. Nf3 O-O 15. a3 b6 16. Ne4 Bb7 17. Rc1 a6 18. b4 b5 19. Bd3 bxc4 20. Rxc4 a5
21. Nc5 Ba6 22. Nxe6 Qe7 23. Rxc6 Bxd3 24. Qxd3 Rfc8 25. Nfxd4 Rxc6 26. Nxc6 Qxe6 27. b5 Rc8 28. Re1 g5 29. a4 Kg7 30. Nd8 Rxd8
31. Qxd8 Kg6 32. g4 Qe7 33. Qg8+ Ng7 34. b6 Qb7 35. Rb1
1-0

[Event "Players CUP 2008 <1600"]
[Site "SchemingMind.com"]
[Date "2008.06.25"]
[Round "-"]
[White "twotone"]
[Black "kwabena"]
[Result "0-1"]
[WhiteCountry "ENG"]
[BlackCountry "ENG"]
[WhiteElo "1451"]
[WhiteRD "75"]
[BlackElo "1661"]
[BlackRD "71"]
[GameID "160909"]

1. d4 d5 2. e3 Bf5 3. Bd3 Bxd3 4. Qxd3 a6 5. Nf3 e6 6. O-O c5 7. c4 Nf6 8. b3 Nc6 9. Nbd2 cxd4 10. exd4 dxc4
11. bxc4 Be7 12. Re1 O-O 13. Nb3 Re8 14. Bf4 Bd6 15. Bg5 h6 16. Bh4 Be7 17. Bg3 Nb4 18. Qc3 Qb6 19. a3 Nc6 20. c5 Qa7
21. Ra2 Rac8 22. Rae2 Nh5 23. Bh4 Bxh4 24. Nxh4 Nf4 25. Re4 Nd5 26. Qd3 Qb8 27. g3 Rcd8 28. f4 Nf6 29. R4e3 Qa7 30. Nf3 b6
31. Ne5 Ne7 32. c6 Rd6 33. Rc1 b5 34. Rc5 Rc8 35. Na5 Qb6 36. Qc3 Nfd5 37. Rxd5 Nxd5 38. Nd7 Rxd7 39. cxd7 Rxc3 40. Nb7 Rxe3
41. d8=Q+ Qxd8 42. Nxd8 Rxa3 43. Nc6 b4 44. Kf1 b3 45. Nb4 Nxb4
0-1

[Event "Players CUP 2008 <1600"]
[Site "SchemingMind.com"]
[Date "2008.06.25"]
[Round "-"]
[White "twotone"]
[Black "Dannibal"]
[Result "1-0"]
[WhiteCountry "ENG"]
[BlackCountry "BEL"]
[WhiteElo "1451"]
[WhiteRD "75"]
[BlackElo "1012"]
[BlackRD "79"]
[GameID "160910"]

1. e4 e5 2. Nf3 Nf6 3. d4 exd4 4. Qxd4 h6 5. Bc4 Bb4+ 6. Nc3 Ng4 7. Bxf7+ Kxf7 8. Qxb4 Qe7 9. Nd5 Qxb4+ 10. Nxb4 Nc6
11. a3 d6 12. O-O a5 13. Nd5 Be6 14. Nxc7 Rad8 15. Nxe6 Kxe6 16. Bf4 a4 17. Rad1 Nce5 18. h3 Nf6 19. Bg3 Nxe4 20. Nd4+ Ke7
21. Nf5+ Kf7 22. Bxe5 Rde8 23. Bxg7 Rhg8 24. Bxh6 Kf6 25. Nxd6 Nxd6 26. Rxd6+ Re6 27. Rfd1 Re8 28. h4 Kf7 29. Bg5 Kg6 30. R6d5 Re1+
31. Rxe1 Rxe1+ 32. Kh2 Re2 33. Rd2 Re5 34. f4 Re6 35. c4 Rc6 36. Rd4 b6 37. c5 bxc5 38. Rxa4 c4 39. h5+ Kxh5 40. Ra5 Kg4
41. Re5 Rd6 42. Re2 Rd3 43. Rc2 Rd4 44. a4 Re4 45. g3 Re3 46. Bh4 Kf3 47. a5 Re2+ 48. Rxe2 Kxe2 49. a6 Kd2 50. a7 Kc2
51. Bf6 Kb3 52. a8=Q Kb4 53. Qa3+ Kb5 54. Be7 Kc6 55. Qc5+ Kd7 56. Qd6+ Ke8 57. Bf8 Kf7 58. f5 Ke8 59. Qe7#
1-0

[Event "Players CUP 2008 <1600"]
[Site "SchemingMind.com"]
[Date "2008.06.26"]
[Round "-"]
[White "twotone"]
[Black "dtedesco"]
[Result "0-1"]
[WhiteCountry "ENG"]
[BlackCountry "CAN"]
[WhiteElo "1413"]
[WhiteRD "74"]
[BlackElo "1466"]
[BlackRD "55"]
[GameID "160912"]

1. e4 c5 2. Nc3 Nc6 3. Nf3 d6 4. b3 Nf6 5. Bc4 g6 6. Ng5 Bg7 7. Nxf7 Qd7 8. Nxh8 Bxh8 9. O-O Nxe4 10. Nxe4 b6
11. c3 d5 12. Bxd5 Qxd5 13. d3 Bf5 14. Re1 O-O-O 15. Re3 Bxe4 16. Rxe4 Bxc3 17. Rb1 e5 18. Qg4+ Kb7 19. Bg5 Rf8 20. Rd1 Bd4
21. Be3 Rf6 22. Qh4 Rf7 23. Bxd4 Nxd4 24. Qg3 Rf4 25. Re3 Nf5 26. Rxe5 Qxe5 27. Qh3 h5 28. g3 Rf3 29. Qg2 Nd4 30. Kf1 Qe2+
31. Kg1 Qxd1+ 32. Qf1 Ne2+ 33. Kg2 Qxd3 34. Qa1 Nd4 35. Qc1 Qe4 36. Kf1 Qe2+ 37. Kg1 Rxf2 38. h4 Nf3+ 39. Kh1 Rh2#
0-1

[Event "Players CUP 2008 <1600"]
[Site "SchemingMind.com"]
[Date "2008.06.25"]
[Round "-"]
[White "twotone"]
[Black "Carl Lenox"]
[Result "1-0"]
[WhiteCountry "ENG"]
[BlackCountry "CAN"]
[WhiteElo "1451"]
[WhiteRD "75"]
[BlackElo "1264"]
[BlackRD "59"]
[GameID "160913"]

1. e4 e5 2. Nf3 Nf6 3. d4 d6 4. dxe5 Nxe4 5. Bd3 Nc5 6. O-O Be6 7. Re1 d5 8. Nd4 Bd7 9. Bf5 g6 10. Bg4 Bg7
11. c3 c6 12. b4 Nca6 13. f4 O-O 14. e6 h5 15. exf7+ Rxf7 16. Be6 Bxe6 17. Nxe6 Qd7 18. Nxg7 Rxg7 19. Be3 b6 20. Nd2 c5
21. bxc5 bxc5 22. Rb1 c4 23. Bd4 Rf7 24. Qf3 Qf5 25. Rb5 Qc2 26. Nf1 Qxa2 27. Qxd5 Nc7 28. Qg5 Qa6 29. Qe5 Nxb5 30. Qh8#
1-0

[Event "Players CUP 2008 <1600"]
[Site "SchemingMind.com"]
[Date "2008.06.26"]
[Round "-"]
[White "lame wolf"]
[Black "twotone"]
[Result "0-1"]
[WhiteCountry "INT"]
[BlackCountry "ENG"]
[WhiteElo "1074"]
[WhiteRD "50"]
[BlackElo "1451"]
[BlackRD "75"]
[GameID "160914"]

1. c3 e5 2. g3 d5 3. Bg2 Nf6 4. Nf3 Nc6 5. b4 Bd6 6. b5 Na5 7. a4 O-O 8. Ba3 Nc4 9. Bxd6 Qxd6 10. Qc2 Re8
11. Ng5 e4 12. e3 h6 13. Nh3 Be6 14. d3 Ne5 15. Nf4 exd3 16. Nxd3 Bf5 17. Nd2 Nxd3+ 18. Ke2 Nf4+ 19. Kf3 Bxc2 20. Rae1 Nxg2
21. Rc1 Be4+ 22. Nxe4 Rxe4 23. Kxg2 Rxa4 24. c4 Rxc4
0-1

[Event "Players CUP 2008 <1600"]
[Site "SchemingMind.com"]
[Date "2008.06.26"]
[Round "-"]
[White "kwabena"]
[Black "twotone"]
[Result "1-0"]
[WhiteCountry "ENG"]
[BlackCountry "ENG"]
[WhiteElo "1661"]
[WhiteRD "71"]
[BlackElo "1451"]
[BlackRD "75"]
[GameID "160915"]

1. d4 d5 2. Bf4 Nf6 3. h3 Nh5 4. Bh2 g6 5. e3 Bg7 6. c4 c6 7. Nc3 O-O 8. Nf3 e6 9. cxd5 cxd5 10. Be2 Nf6
11. O-O a6 12. Qb3 Nc6 13. a3 b5 14. Rac1 Re8 15. Nxb5 axb5 16. Rxc6 Bb7 17. Rc5 Ba6 18. Bxb5 Rb8 19. Bxb8 Bxb5 20. Rxb5 Ne4
21. Qc2 Qd7 22. Rb4 Bf8 23. Rb6 Bd6 24. Bxd6 Nxd6 25. Qc6 Qxc6 26. Rxc6 Nc4 27. Rb1 f6 28. a4 f5 29. b4 e5 30. dxe5 Nxe5
31. Nxe5 Rxe5 32. b5 Kf7 33. b6 Re8 34. b7 Rb8 35. Rc7+ Kf6 36. Rxh7 Ke5 37. Rc7 Kd6 38. Rc8
1-0

[Event "Players CUP 2008 <1600"]
[Site "SchemingMind.com"]
[Date "2008.06.25"]
[Round "-"]
[White "Dannibal"]
[Black "twotone"]
[Result "0-1"]
[WhiteCountry "BEL"]
[BlackCountry "ENG"]
[WhiteElo "1012"]
[WhiteRD "79"]
[BlackElo "1451"]
[BlackRD "75"]
[GameID "160916"]

1. d4 e6 2. e3 Nf6 3. Nf3 Nc6 4. Nc3 Bb4 5. Bb5 O-O 6. a3 Bxc3+ 7. bxc3 Ne7 8. c4 c6 9. Bxc6 bxc6 10. Ng5 Ba6
11. c5 d6 12. cxd6 Qxd6 13. a4 Rab8 14. c3 Nfd5 15. Ba3 Qc7 16. h4 Rfe8 17. Rb1 Nxc3 18. Qc1 Nxb1 19. Kd1 Nxa3 20. Qxa3 Nd5
21. h5 Rb1+ 22. Qc1 Rxc1+ 23. Kxc1 Nc3 24. h6 g6 25. Kc2 Nxa4 26. f4 Rb8 27. Ra1 Rb4 28. g4 Rc4+ 29. Kb3 Qb7+ 30. Ka3 Qb2#
0-1